| 000 | 00427nam a2200133Ia 4500 | ||
|---|---|---|---|
| 008 | 220217s9999||||xx |||||||||||||| ||und|| | ||
| 020 | _a81-7808-570-4 | ||
| 082 | _a005.14 PAU | ||
| 100 |
_aPaulk, Mark, C Weber, Charles, V. etal _93528 |
||
| 245 | 0 | _aCapability maturity model guidelines for improving the softw | |
| 260 |
_aPearson education asia _bDelhi _c2002 |
||
| 300 | _b295 | ||
| 650 |
_aSOFTWARE ENGINEERING _91072 |
||
| 999 |
_c172120 _d172120 |
||